Statistiques concernant Pokémon ayant un total de base stats entre 405 et 449

Cliquez ici pour prendre le quiz!

Statistiques générales

  • Ce quiz a été pris 3 fois
  • Le résultat moyen est 46 sur 98

Statistiques - réponses

Total Pokémon % Correct
420Métang
100%
420Draco
100%
420Diamat
100%
420Miradar
100%
413Rattatac
100%
410Carmache
100%
413Rattatac d'Alola
100%
410Incisache
100%
420Drackhaus
100%
420Linéon
100%
418Grotichon
67%
418Argouste
67%
420Écaïd
67%
405Macronium
67%
415Fouinar
67%
440Kecleon
67%
448Dimoclès
67%
446Léopardus
67%
442Rapasdepic
67%
413Mateloutre
67%
420Efflèche
67%
440Hypocéan
67%
425Ossatueur d'Alola
67%
423Excavarenne
67%
425Ossatueur
67%
425Triopikeur d'Alola
67%
430Galegon
67%
413Lianaja
67%
440Vigoroth
67%
420Matoufeu
67%
431Dedenne
67%
420Grahyèna
67%
425Triopikeur
67%
420Otarlette
67%
405Herbizarre
67%
405Chimpenfeu
67%
405Machopeur
67%
405Boguérisse
67%
405Galifeu
67%
405Spectrum
67%
405Crocrodil
67%
405Reptincel
67%
405Feurisson
67%
405Carabaffe
67%
405Massko
67%
405Prinplouf
67%
405Croâporal
67%
405Flobio
67%
405Boskara
67%
409Roussil
67%
410Phogleur
67%
410Ymphect
67%
428Emolga
33%
440Météno (Forme Météore)
33%
415Insolourdo
33%
405Négapi
33%
425Rhinolove
33%
440Persian
33%
440Clic
33%
435Togedemaru
33%
430Maraiste
33%
430Scorplane
33%
430Volcaropod
33%
425Héliatronc
33%
410Castorno
33%
448Arbok
33%
405Posipi
33%
424Cheniselle
33%
405Pachirisu
33%
410Charmina
33%
410Concombaffe
33%
424Papilord
33%
405Lampéroie
33%
440Persian d'Alola
33%
405Ouvrifier
33%
410Corayon
0%
410Simularbre
0%
440Motisma
0%
440Qwilfish
0%
440Bekipan
0%
411Prismillon
0%
411Pijako
0%
445Nanméouïe
0%
430Lumivole
0%
405Lampignon
0%
405Qulbutoké
0%
405Togetic
0%
420Morphéo
0%
405Parasect
0%
420Vémini
0%
420Azumarill
0%
410Ponyta
0%
435Grodoudou
0%
435Feuforêve
0%
430Muciole
0%
405Cornèbre
0%
430Farfuret
0%
435Saquedeneu
0%

Distribution des résultats

Percentile by Number Answered

% des personnes avec chaque résultat

Votre développement - résultats

Vous n’avez pas pris ce quiz